01014nam a2200289 a 450000500170000000800410001702000180005804100080007624500540008425000110013826000500014930000220019950001110022165300230033265300240035565300410037965300470042065300420046765300390050965300560054865300140060465300140061870000210063270000270065370000220068070000220070220240515102732.0100708s2017||||ag f |||| 001 0 spa d a9789871639748 aspa 4aLas preguntas de la embarazada /cGustavo Izbizky a2a ed. aBuenos Aires: bdelhospital ediciones;c2017. a272 p.c22x16 cm. aIzbizky, G. et al. (2017). Las preguntas de la embarazada. (2a ed.). Buenos Aires : delhospital ediciones. aAntes del embarazo aInicio del embarazo aControl prenatal durante el embarazo aCostumbres y hábitos durante el embarazo aCambios físicos durante el embarazo aComplicaciones durante el embarazo aPreparación para el parto y nacimiento del bebé aPuerperio aLactancia1 aIzbizky, Gustavo1 aLage, María Fernanda1 aMercanzini, Laura1 aSebastiani, Mario